Southville International School and Colleges
Your cart is empty.
  • Cart
  • Lists
    Public lists Eva Luna New books Lux_list list_1
    Your lists Log in to create your own lists
  • Log in to your account
  • Your cookies
  • Search history
Southville International School and Colleges
  • Advanced search
  • Recent comments
  • Most popular
  • Libraries

Log in to your account

Log in with GOOGLE


If you do not have an external account, but do have a local account, you can still log in:

  1. Home
  2. MARC view: Robin Hood.
Normal view MARC view ISBD view

Robin Hood. (Record no. 112082)

[ view plain ]
MARC details
000 -LEADER
fixed length control field 00371nam a2200157 a 4500
001 - CONTROL NUMBER
control field 2774
005 - DATE AND TIME OF LATEST TRANSACTION
control field 20140414131927.0
008 - FIXED-LENGTH DATA ELEMENTS--GENERAL INFORMATION
fixed length control field 050928s19uu xx 00 eng d
020 ## - INTERNATIONAL STANDARD BOOK NUMBER
International Standard Book Number 0-7097-1030-5
050 ## - LIBRARY OF CONGRESS CALL NUMBER
Classification number ER
Item number R55
100 ## - MAIN ENTRY--PERSONAL NAME
Personal name Maureen Spurgeon
245 ## - TITLE STATEMENT
Title Robin Hood.
260 ## - PUBLICATION, DISTRIBUTION, ETC. (IMPRINT)
Place of publication, distribution, etc England :
Name of publisher, distributor, etc Brown Watson.
300 ## - PHYSICAL DESCRIPTION
Extent 1 v. p. : ill. ; cm.
Holdings
Withdrawn status Lost status Damaged status Home library Current library Shelving location Date acquired Source of acquisition Total Checkouts Full call number Barcode Date last seen Price effective from Koha item type
      Munich Library Munich Library Easy Reading Section 09/28/2005     ER R55 M3110 04/14/2014 04/14/2014 Books

Robin Hood.

APA

Maureen Spurgeon, .Robin Hood. England: Brown Watson.

Chicago

Maureen Spurgeon, .Robin Hood. England: Brown Watson.

Harvard

Maureen Spurgeon, .Robin Hood. England: Brown Watson.

MLA

Maureen Spurgeon, .England: Brown Watson. .

  • Place hold
  • Print
  • Cite
  • Add to your cart (remove)
  • Save record
    BIBTEX Dublin Core MARCXML MARC (non-Unicode/MARC-8) MARC (Unicode/UTF-8) MARC (Unicode/UTF-8, Standard) MODS (XML) RIS
  • More searches
    Search for this title in:
    Other Libraries (WorldCat) Other Databases (Google Scholar) Online Stores (Bookfinder.com) Open Library (openlibrary.org)

Exporting to Dublin Core...

SOUTHVILLE LIBRARY

Southville International School and Colleges Library

1281 Tropical Ave. Cor. Luxembourg St., BF Homes International, Las Pinas City

Tel. No. 8256374 / 252358 Loc. 117/146

Powered by Koha